000 00575nam a2200193Ia 4500
005 20250923145049.0
008 008 250917s9999 xx 000 0 eng d
037 _aTextual
040 _aDSWL
_beng
_cDSWL
041 _aeng
_2eng
084 _aY1:52:5p1.N65, K6
_qDSWL
245 0 _aFamily planning and population progress
_cEd.by Bernard Berelson
260 _aChicago
_bUniversity of Chicago Press
_c1966
300 _axii,244p.
365 _aUSD
_b12.5
925 _g12.5
942 _cTEXL
_hY1:52:5p1.N65, K6
999 _c1446650
_d1446650